000 00507nam a2200205Ia 4500
003 OSt
005 20251110183527.0
008 210423s1979 xx 000 0 und d
040 _cAL
041 _aEnglish
082 _a370
_bDESE
100 _aJohn Desrochers
_9105723
245 _aEducation for social change
260 _aNew Delhi
_bWiley and Sons
_c1979
300 _axii, 442p.
_bPB
_c21x13.5cm.
365 _cINR
440 _v1
906 _achange. ; Education ; social
942 _2ddc
_cBK
999 _c172242
_d172242